000 00354 a2200133 4500
001 86288
082 _a519.57 MON
090 _c40553
_d40553
100 _amontgomery, C Douglas
245 _aDesign and analysis of experiments, 8th ed
_binternational student version
250 _a8
260 _aNY
_bJohn Wilet & Sons
_c2013
300 _axvii, 730p
942 _aNUST-CAE
_k519.57 MON
999 _c321361
_d321361